000
00339nam a2200157Ia 4500
008
210210b xxu||||| |||| 00| 0 eng d
041
_a
eng
082
_a
873/48
100
_a
NARAYANA PANIKKAR (R)
245
_a
Sita nirvasam
260
_a
_b
-
_c
650
_a
Sita
650
_a
nirvasam
690
_a
Malayalam Drama
906
_a
002572
999
_c
124542
_d
124542